000 00323nam a22001457a 4500
008 210308b ||||| |||| 00| 0 eng d
020 _a9781285087375
041 _aeng
080 _a330.101.541
082 _a330.101.541
100 _a52
101 _aMAKRO
245 _aSurvey of ECON
_cSexton, R.L
942 _2udc
_cBK
999 _c55929
_d55929